000
00241nam a22001097a 4500
082
_a
574 CUR'B
100
_a
URBAN, J,CURTIS, F. D
_9
59557
245
_a
BIOLOGY IN DAILY LIFE
260
_a
BOSTON
_b
GINN
_c
1953
300
_a
607P
942
_c
BK
999
_c
569504
_d
569504